| 000 | 00790nam0a22002291 4500 | ||
|---|---|---|---|
| 001 | rc\2937352 | ||
| 005 | 20250529231609.0 | ||
| 035 | _a(NLR Aleph) 007086394 | ||
| 090 |
_a6529050 _c6529050 |
||
| 100 | _a20110823d1933 |||y0rusy50 ca | ||
| 101 | 0 | _arus | |
| 102 | _aRU | ||
| 105 | _ay z ||||| | ||
| 200 | 1 | _aЭлектрические машины переменного тока | |
| 210 |
_aХарьков _cХЭТИ _d1933 |
||
| 300 | _aИсточник: П.П. Копняев. Сборник, посвященный памяти ... Х., 1955, с. 132 - библиогр. трудов | ||
| 700 | 1 |
_aКопняев _bП.П. _f1867-1932 _gПавел Петрович |
|
| 801 | 0 |
_aRU _bNLR _gpsbo |
|
| 801 | 1 |
_aRU _bELAR _2rusmarc |
|
| 852 |
_aNLR _jDesideratum |
||
| 942 | _cBOOK | ||
| 980 | _aNB | ||